000 00474nam a2200193Ia 4500
005 20250423101746.0
008 250422s9999 xx 000 0 und d
020 _a0-7645-6909-0
050 _aQA 76.73.X57 .K38/
100 _aKay, Michael
245 0 _aXSLT 2.0 : programmer’s reference
250 _a3rd ed.
260 _aIndianapolis
260 _bViley Publ.
260 _c2004
300 _a911 p
650 _a(XSLT) Compter Language Program
942 _cBK
999 _c37195
_d37195